00381pab a2200133 454500008004000000100002000040245008000060260000900140300001300149362001000162650001900172650002200191773003400213180718b2009 xxu||||| |||| 00| 0 eng d aJaising, Indira aBringing rights home: review of the campaign for a law on domestic violence c2009 ap.50-57. a31Oct aWomens studies aDomestic violence aEconomic and Political Weekly